|
|
|
|
| LEADER |
00000nab a2200000 a 4500 |
| 001 |
vtls000883171 |
| 003 |
SK-MaSNL |
| 005 |
20260319075334.0 |
| 008 |
161006c1998 xo 0 eng |
| 015 |
|
|
|a SNBRA2004/08-25346
|
| 035 |
|
|
|a CLN000234649
|
| 040 |
|
|
|a SNKBUCL
|b slo
|c SNKBUCL
|e AACR2
|
| 041 |
0 |
|
|a slo
|
| 044 |
|
|
|a xo
|c SK
|
| 080 |
|
|
|a 669.15-194:621.78.019.84
|2 1997
|
| 080 |
|
|
|a 621.78.019.84
|2 1997
|
| 100 |
1 |
|
|a Hubáčková, Jiřina
|4 aut
|9 791376
|
| 245 |
1 |
0 |
|a Damage of low carbon steel container in the conditions of corrosion wearing
|c Jiřina Hubáčková, Drahomíra Janová, Jiří Švejcar
|
| 300 |
|
|
|b Obr., tab.
|
| 504 |
|
|
|a Res. angl.
|
| 504 |
|
|
|a Bibliogr. odkazy
|
| 650 |
0 |
7 |
|a kontajnery oceľové
|x poškodenie
|2 snkbucl
|9 870189
|
| 650 |
0 |
7 |
|a ocele nízkouhlíkové
|x opotrebovanie korózne
|2 snkbucl
|9 870190
|
| 650 |
0 |
7 |
|a opotrebovanie korózne
|2 snkbucl
|9 870191
|
| 655 |
|
7 |
|a články zo zborníkov
|2 snkbucl
|9 166140
|
| 700 |
1 |
|
|a Janová, Drahomíra
|4 aut
|9 793252
|
| 700 |
1 |
|
|a Švejcar, Jiří,
|d 1937-
|4 aut
|9 182720
|
| 773 |
0 |
|
|z 8070993243
|t Metallography '98
|d Košice : Technical University, 1998
|g S. 346-350
|
| 850 |
|
|
|a Slovenská národná knižnica v Martine
|
| 852 |
|
|
|a SNK
|b KIS3GCP
|
| 958 |
|
|
|a NB
|
| 999 |
|
|
|c 1390213
|d 1392143
|